logo

Bir Sreshtho Munshi Abdur Rouf Library
Jhenaidah Cadet College

Healing Body & Soul / (Record no. 12478)

MARC details
000 -LEADER
fixed length control field 00679nam a2200253 a 4500
001 - CONTROL NUMBER
JCCL Control Number 12478
003 - CONTROL NUMBER IDENTIFIER
JCCL marc code BD-JhCC
005 - DATE AND TIME OF LATEST TRANSACTION
control field 20220605134021.0
008 - FIXED-LENGTH DATA ELEMENTS--GENERAL INFORMATION
fixed length control field 220228b2013 su a|||| ||a| 001 0 eng d
020 ## - INTERNATIONAL STANDARD BOOK NUMBER
International Standard Book Number 9786035012027
035 ## - SYSTEM CONTROL NUMBER
system control number (BD-JhCC)12478
040 ## - CATALOGING SOURCE
Original cataloging agency BD-JhCC
Modifying agency BD-JhCC
041 ## - LANGUAGE CODE
Language code of Book English
082 ## - DEWEY DECIMAL CLASSIFICATION NUMBER
Classification number 613.088297
Author mark and Year AYA 2013
100 ## - MAIN ENTRY--PERSONAL NAME
Personal name Ayad, Dr.Amira
245 ## - TITLE STATEMENT
Title Healing Body & Soul /
Statement of responsibility, etc Dr.Amira Ayad .
260 ## - PUBLICATION, DISTRIBUTION, ETC. (IMPRINT)
Place of publication, distribution, etc Riyadh :
Name of publisher, distributor, etc International Islamic Publishing House;
Date of publication, distribution, etc 2013.
300 ## - PHYSICAL DESCRIPTION
Pagination 527 p. :
Other physical details ill;
Dimensions 22 cm.
650 ## - SUBJECT ADDED ENTRY--TOPICAL TERM
Topical term or geographic name as entry element Medicine--------Religious aspeds --Islam
650 ## - SUBJECT ADDED ENTRY--TOPICAL TERM
Topical term or geographic name as entry element Health
650 ## - SUBJECT ADDED ENTRY--TOPICAL TERM
Topical term or geographic name as entry element Food
942 ## - ADDED ENTRY ELEMENTS (KOHA)
Source of classification or shelving scheme Dewey Decimal Classification
Koha item type Computer Files
Koha issues (borrowed), all copies 3
Holdings
Source of classification or shelving scheme Damaged status Not for loan Home library Current library Shelving location Date of accession Cost, normal purchase price Total Checkouts Full call number Barcode Date last seen Date checked out Copy number Koha item type
Dewey Decimal Classification     JCC Rouf Library JCC Rouf Library General Stacks 06/14/2021 1632.00 4 613.088297 AYA 2013 16934 09/24/2024 09/10/2024 C-1 Computer Files

JCC Library | Contacts | JCC Home

Last Update on 23 September 2017
Copyright @ 2017-2020 JCC Rouf Library
Rouf Library, Jhenidah Cadet College (JCC), Bangladesh